[Event "4.Nord-West-Cup"]
[Site "?"]
[Date "2002.??.??"]
[Round "2"]
[White "Sarakauskas, Gediminas"]
[Black "Busch, Christian"]
[Result "1/2-1/2"]
[WhiteElo "2392"]
[BlackElo "2112"]
[PlyCount "54"]

1. c4 Nf6 2. Nc3 c5 3. Nf3 Nc6 4. e3 g6 5. d4 cxd4 6. exd4 d5 7. Bg5 Be6 8. Qa4
Bg7 9. Ne5 Bd7 10. Nxd7 Qxd7 11. Bxf6 Bxf6 12. Nxd5 Bxd4 13. O-O-O Rd8 14. h4
h5 15. Rh3 Kf8 16. Bd3 e6 17. Ne3 Qe7 18. Be4 Qc5 19. Bxc6 bxc6 20. Kc2 Kg7 21.
b4 Qe5 22. Qxc6 Ba1 23. Rd7 Qb2+ 24. Kd1 Qxb4 25. Ke2 Qb2+ 26. Ke1 Qb4+ 27. Ke2
Qb2+ 1/2-1/2

[Event "4.Nord-West-Cup"]
[Site "?"]
[Date "2002.??.??"]
[Round "2"]
[White "Hoffmann, Ulrich"]
[Black "Petrosjan, Suren"]
[Result "0-1"]
[WhiteElo "2109"]
[BlackElo "2388"]
[PlyCount "34"]

1. Nf3 c5 2. c4 g6 3. Nc3 Bg7 4. d4 cxd4 5. Nxd4 Nc6 6. Nb3 Nf6 7. g3 O-O 8.
Bg2 d6 9. O-O Be6 10. c5 d5 11. Bg5 a5 12. Bxf6 Bxf6 13. Bxd5 Bxd5 14. Qxd5 a4
15. Nc1 a3 16. Qb3 axb2 17. Qxb2 Qa5 0-1

[Event "4.Nord-West-Cup"]
[Site "?"]
[Date "2002.??.??"]
[Round "2"]
[White "Hedke, Fred"]
[Black "Schmidt, Oliver"]
[Result "1-0"]
[WhiteElo "2370"]
[BlackElo "2087"]
[PlyCount "83"]

1. e4 e5 2. Nf3 Nf6 3. Nc3 Nc6 4. d4 exd4 5. Nxd4 Bb4 6. Nxc6 bxc6 7. Bd3 d5 8.
exd5 Qe7+ 9. Kf1 cxd5 10. Bb5+ Bd7 11. Bxd7+ Qxd7 12. Bg5 Bxc3 13. bxc3 Qb5+
14. Qd3 Rb8 15. Qxb5+ Rxb5 16. Bxf6 gxf6 17. Ke2 Rg8 18. g3 Ke7 19. Kd3 Rb2 20.
Rhe1+ Kd7 21. Re3 Re8 22. Rf3 Re6 23. Rf5 Kd6 24. Rh5 c5 25. Rxh7 c4+ 26. Kd2
Rb7 27. Rh5 Rbe7 28. Rd1 Re2+ 29. Kc1 Rxf2 30. Rhxd5+ Kc6 31. Rd6+ Kc7 32. R6d2
Rf3 33. Rd4 Rxc3 34. Kb2 Ree3 35. Rd7+ Kb6 36. R1d6+ Kc5 37. Rd5+ Kc6 38. R7d6+
Kc7 39. Rxf6 Ra3 40. Rc5+ Kd7 41. Rxc4 Ke7 42. Rff4 1-0

[Event "4.Nord-West-Cup"]
[Site "?"]
[Date "2002.??.??"]
[Round "2"]
[White "Schmitz-Jordan, Juergen"]
[Black "Ionescu, Doru Alexandru"]
[Result "0-1"]
[WhiteElo "2090"]
[BlackElo "2369"]
[PlyCount "72"]

1. d4 Nf6 2. Nf3 e6 3. g3 c5 4. Bg2 cxd4 5. Nxd4 Nc6 6. O-O a6 7. c4 Qb6 8.
Nxc6 bxc6 9. b3 Bc5 10. Bb2 h5 11. Nc3 Qc7 12. Na4 Ba7 13. c5 h4 14. Qd6 Qxd6
15. cxd6 Rb8 16. e4 hxg3 17. hxg3 Rb4 18. Bc3 Rb5 19. Bf3 Rg5 20. Kg2 Kf8 21.
Rh1 Rxh1 22. Rxh1 Kg8 23. e5 Ng4 24. Bxg4 Rxg4 25. f3 Rg5 26. f4 Rg6 27. Rh4 c5
28. Kh3 Bb7 29. g4 Be4 30. Ba5 c4 31. bxc4 Bf2 32. Rh5 f6 33. Bb6 Be1 34. Nc5
Bf3 35. f5 exf5 36. gxf5 Rg1 0-1

[Event "4.Nord-West-Cup"]
[Site "?"]
[Date "2002.??.??"]
[Round "2"]
[White "Vasiljevic, Dragan"]
[Black "Eickhoff, Hermann"]
[Result "1-0"]
[WhiteElo "2351"]
[BlackElo "2074"]
[PlyCount "70"]

1. d4 Nf6 2. Nf3 g6 3. c4 Bg7 4. Nc3 O-O 5. e4 d6 6. Be2 Nbd7 7. Qc2 e5 8. d5
a5 9. Bg5 h6 10. Bh4 Nc5 11. Nd2 Bd7 12. Rb1 Qc8 13. b3 Nh7 14. a3 f5 15. f3
fxe4 16. fxe4 Bg4 17. Nf3 a4 18. bxa4 Qd7 19. O-O b6 20. Rb5 Rf7 21. Bf2 Raf8
22. Be3 Nf6 23. a5 g5 24. Bxc5 bxc5 25. Rfb1 Nh5 26. Rb8 Nf4 27. a6 Nxg2 28.
Kxg2 Rxf3 29. Bxf3 Bxf3+ 30. Kf2 Qh3 31. Ke1 Bg4 32. Rxf8+ Bxf8 33. a7 Qe3+ 34.
Ne2 Qxa3 35. Rb7 Qa5+ 1-0

[Event "4.Nord-West-Cup"]
[Site "?"]
[Date "2002.??.??"]
[Round "2"]
[White "Wahrenberg, Ralf"]
[Black "Ljubarskij, Jurij"]
[Result "0-1"]
[WhiteElo "2069"]
[BlackElo "2345"]
[PlyCount "74"]

1. d4 d5 2. Nf3 c6 3. Bf4 e6 4. c3 Bd6 5. Bg3 Ne7 6. e3 O-O 7. Bd3 f5 8. Nbd2
c5 9. Bxd6 Qxd6 10. Ne5 Nbc6 11. f4 Nxe5 12. fxe5 Qb6 13. Qc2 Bd7 14. O-O Rac8
15. Nf3 c4 16. Be2 Qd8 17. Rf2 b5 18. Raf1 Ng6 19. Bd1 Qe7 20. Nd2 b4 21. g4
fxg4 22. Bxg4 Rxf2 23. Rxf2 Qg5 24. Rg2 Qxe3+ 25. Kh1 bxc3 26. bxc3 Rb8 27. Rg3
Qf4 28. Bh5 Nh4 29. Rg4 Qf2 30. Qc1 Rf8 31. Rg1 Nf5 32. Nf1 Qh4 33. Be2 Qe4+
34. Rg2 Nh4 35. Qg5 Qxg2+ 36. Qxg2 Nxg2 37. Kxg2 Rb8 0-1

[Event "4.Nord-West-Cup"]
[Site "?"]
[Date "2002.??.??"]
[Round "2"]
[White "Lammers, Markus"]
[Black "Asendorf, Joachim"]
[Result "0-1"]
[WhiteElo "2063"]
[BlackElo "2297"]
[PlyCount "74"]

1. e4 c5 2. Nf3 d6 3. c3 Nf6 4. Be2 g6 5. O-O Bg7 6. Re1 O-O 7. Bf1 b6 8. d4
Bb7 9. Nbd2 e6 10. b3 Qc7 11. Bb2 Nbd7 12. c4 Rad8 13. Qc2 cxd4 14. Nxd4 a6 15.
Rac1 Rc8 16. b4 Rfe8 17. N2b3 Bh6 18. Rcd1 e5 19. Nf3 b5 20. Na5 bxc4 21. Qxc4
Qb6 22. Qb3 Nxe4 23. Rxe4 Bxe4 24. Nc4 Rxc4 25. Bxc4 Re7 26. a4 Nf6 27. a5 Qc7
28. Bc1 Bxc1 29. Rxc1 d5 30. Ng5 Bf5 31. h3 dxc4 32. Rxc4 Qb7 33. Rc1 h6 34.
Nf3 Be4 35. Nd2 Bxg2 36. Rc3 Bd5 37. Qc2 Qxb4 0-1

[Event "4.Nord-West-Cup"]
[Site "?"]
[Date "2002.??.??"]
[Round "2"]
[White "Korsus, Bernd"]
[Black "Gudat, Alfons"]
[Result "0-1"]
[WhiteElo "2272"]
[BlackElo "2032"]
[PlyCount "68"]

1. d4 Nf6 2. c4 c5 3. d5 b5 4. cxb5 a6 5. f3 g6 6. e4 d6 7. Nc3 Bg7 8. Bg5 h6
9. Be3 O-O 10. Qd2 Kh7 11. h4 e6 12. dxe6 Bxe6 13. Rd1 Qa5 14. Qxd6 axb5 15.
Bxb5 Na6 16. Bxa6 Rfd8 17. Qxc5 Rxd1+ 18. Kxd1 Qxa6 19. Nge2 Qd3+ 20. Ke1 Nd7
21. Nf4 Nxc5 22. Nxd3 Nxd3+ 23. Ke2 Nxb2 24. Bd2 Bc4+ 25. Ke3 Rd8 26. Nd5 Bxd5
27. exd5 Nc4+ 28. Kd3 Nxd2 29. Kxd2 Rxd5+ 30. Kc2 Rb5 31. g4 Rb2+ 32. Kd3 Rxa2
33. h5 Ra3+ 34. Ke4 Ra4+ 0-1

[Event "4.Nord-West-Cup"]
[Site "?"]
[Date "2002.??.??"]
[Round "2"]
[White "Schneider, Florian"]
[Black "Pericic, Boris"]
[Result "1/2-1/2"]
[WhiteElo "1748"]
[BlackElo "2021"]
[PlyCount "93"]

1. e4 c5 2. d4 cxd4 3. c3 d3 4. Bxd3 d6 5. Nf3 Nc6 6. O-O Nf6 7. h3 g6 8. Be3
Bg7 9. Qd2 O-O 10. c4 b6 11. Nc3 Bb7 12. Rac1 Rc8 13. b3 Rc7 14. Rfd1 Rd7 15.
Bb1 Qa8 16. Qe2 Rfd8 17. Nd5 e6 18. Nxf6+ Bxf6 19. Bg5 Bxg5 20. Nxg5 h6 21. Nf3
Ne5 22. Nxe5 dxe5 23. f3 Rd4 24. Rxd4 Rxd4 25. Rd1 Qd8 26. Rd3 Qd6 27. Qd2 Kg7
28. Kf2 f5 29. exf5 gxf5 30. Ke2 Ba6 31. a4 Bb7 32. Bc2 a5 33. Qe3 Bc6 34. Kf2
Qc5 35. Kf1 Qd6 36. Kf2 Be8 37. f4 Rxd3 38. Qxd3 Qc5+ 39. Qe3 e4 40. g4 Kf6 41.
Bd1 e5 42. Qxc5 bxc5 43. Ke3 Bc6 44. h4 Bd7 45. fxe5+ Kxe5 46. gxf5 Bxf5 47.
Bh5 1/2-1/2

[Event "4.Nord-West-Cup"]
[Site "?"]
[Date "2002.??.??"]
[Round "2"]
[White "Margraf, Daniel"]
[Black "Grecescu, Gabriel"]
[Result "0-1"]
[WhiteElo "2039"]
[BlackElo "2272"]
[PlyCount "109"]

1. e4 c5 2. Nc3 Nc6 3. f4 g6 4. Bc4 Bg7 5. Nf3 e6 6. f5 Nge7 7. fxe6 fxe6 8. d3
d5 9. Bb3 b5 10. a3 c4 11. Ba2 a6 12. O-O O-O 13. Bg5 h6 14. Bh4 g5 15. Bf2 Ng6
16. d4 Ra7 17. e5 Bd7 18. Ne2 Be8 19. c3 Nce7 20. Be3 Nf5 21. Qd2 g4 22. Ne1
Nxe3 23. Rxf8+ Bxf8 24. Qxe3 Qg5 25. Qxg5 hxg5 26. g3 Ne7 27. Ng2 Nf5 28. Rf1
a5 29. Bb1 Bg6 30. Bxf5 Bxf5 31. Ne3 Rf7 32. Nxf5 Rxf5 33. Rxf5 exf5 34. Kg2
Kf7 35. h3 gxh3+ 36. Kxh3 Ke6 37. Kg2 Be7 38. Kf3 b4 39. axb4 axb4 40. cxb4
Bxb4 41. Nc3 Ba5 42. Ke3 Bb6 43. Ne2 Kd7 44. Kd2 Kc6 45. Kc2 Ba5 46. Nc3 f4 47.
gxf4 gxf4 48. Na4 Kd7 49. Kd1 f3 50. Nc3 Bb6 51. Nxd5 Bxd4 52. Kd2 Ke6 53. Nf6
Kxe5 54. Ng4+ Kf4 55. Nh2 0-1

[Event "4.Nord-West-Cup"]
[Site "?"]
[Date "2002.??.??"]
[Round "2"]
[White "Koehne, Arno"]
[Black "Kozlova, Olga"]
[Result "1/2-1/2"]
[WhiteElo "2028"]
[BlackElo "2259"]
[PlyCount "31"]

1. d4 Nf6 2. c4 e6 3. Nf3 Bb4+ 4. Bd2 Qe7 5. Nc3 b6 6. g3 Bb7 7. Bg2 Bxc3 8.
Bxc3 Ne4 9. Qc2 Nxc3 10. Qxc3 O-O 11. O-O d6 12. e3 Nd7 13. Ne1 Bxg2 14. Nxg2
c5 15. b3 Rfd8 16. Rad1 1/2-1/2

[Event "4.Nord-West-Cup"]
[Site "?"]
[Date "2002.??.??"]
[Round "2"]
[White "Krause, Thomas"]
[Black "Weber, Siegfried"]
[Result "0-1"]
[WhiteElo "2182"]
[BlackElo "2246"]
[PlyCount "70"]

1. Nf3 Nf6 2. c4 Nc6 3. g3 e5 4. Bg2 Bc5 5. O-O d6 6. Nc3 O-O 7. d3 h6 8. Na4
Re8 9. a3 a5 10. Nxc5 dxc5 11. Nd2 Qd6 12. b3 Bf5 13. Bb2 Rad8 14. Re1 Nd4 15.
Bc3 b6 16. Qb1 Qe6 17. Qb2 h5 18. e3 Bxd3 19. exd4 cxd4 20. Bxd4 Rxd4 21. Nf3
Re4 22. Rxe4 Bxe4 23. Ng5 Qf5 24. Nxe4 Nxe4 25. Re1 Nc5 26. Bc6 Re7 27. Qd2 Qd3
28. Qg5 Qd6 29. Bd5 g6 30. f4 Nd3 31. Re3 Qc5 32. Qxg6+ Kf8 33. Qh6+ Ke8 34.
fxe5 Rxe5 35. Qh8+ Ke7 0-1

[Event "4.Nord-West-Cup"]
[Site "?"]
[Date "2002.??.??"]
[Round "2"]
[White "Tschetschelnitzki, Boris"]
[Black "Fischbach, Harald"]
[Result "0-1"]
[WhiteElo "2230"]
[BlackElo "2199"]
[PlyCount "106"]

1. d4 Nf6 2. Bg5 c5 3. d5 Qb6 4. Nc3 Qxb2 5. Bd2 Qb6 6. e4 d6 7. f4 e5 8. Rb1
Qd8 9. fxe5 dxe5 10. Nf3 Nbd7 11. Bg5 a6 12. a4 h6 13. Bh4 Bd6 14. Nd2 O-O 15.
Qf3 Qc7 16. Be2 Nh7 17. g4 Ndf6 18. h3 Ne8 19. Nc4 Be7 20. Bg3 f6 21. Nb6 Rb8
22. Bf2 Bd6 23. a5 Bd7 24. h4 h5 25. Qg2 Bxg4 26. Bxg4 hxg4 27. Qxg4 Rd8 28.
Nd1 f5 29. exf5 Nef6 30. Qe2 e4 31. Ne3 Bf4 32. c4 Qe5 33. Qb2 Qd4 34. Ng2 Qxb2
35. Rxb2 Be5 36. Rb3 Nd7 37. Nxd7 Rxd7 38. Bxc5 Rc8 39. Bf2 Rxc4 40. O-O Ra4
41. Rfb1 Rxa5 42. Rxb7 Rxb7 43. Rxb7 Rxd5 44. Ne3 Rb5 45. Ra7 Bd4 46. Rxa6 Bxe3
47. Bxe3 Rxf5 48. Ra4 Nf6 49. Bg5 Re5 50. Kf2 Nd5 51. Ra5 Kf7 52. Be3 Rf5+ 53.
Ke2 Nc3+ 0-1

[Event "4.Nord-West-Cup"]
[Site "?"]
[Date "2002.??.??"]
[Round "2"]
[White "Brandes, Stephan"]
[Black "Issel, Oliver"]
[Result "1-0"]
[WhiteElo "2068"]
[BlackElo "2226"]
[PlyCount "63"]

1. c4 c6 2. g3 d5 3. Bg2 Nf6 4. Nf3 dxc4 5. a4 Bf5 6. Na3 e6 7. Nxc4 Nbd7 8. a5
Qc7 9. O-O Bd6 10. a6 b6 11. Nd4 Be4 12. Bxe4 Nxe4 13. Qc2 Nef6 14. Nxd6+ Qxd6
15. Qxc6 Qxc6 16. Nxc6 O-O 17. d4 Kh8 18. Bf4 Ne8 19. Rfc1 h6 20. h4 Kh7 21.
Ra3 g6 22. Rac3 Nef6 23. Ne5 Nxe5 24. Bxe5 Nd5 25. Rc4 g5 26. hxg5 hxg5 27. e4
b5 28. Rc5 Nb4 29. Rxb5 Nxa6 30. Bf6 g4 31. Kg2 Kg6 32. Be7 1-0

[Event "4.Nord-West-Cup"]
[Site "?"]
[Date "2002.??.??"]
[Round "2"]
[White "Heinemann, Ernst"]
[Black "Lichman, Peter"]
[Result "0-1"]
[WhiteElo "2217"]
[BlackElo "2091"]
[PlyCount "68"]

1. e4 d5 2. exd5 Nf6 3. Nc3 Nxd5 4. Bc4 Nxc3 5. Qf3 e6 6. Qxc3 Qg5 7. Nf3 Qxg2
8. Rg1 Qh3 9. b3 Nc6 10. Bb2 Bd7 11. O-O-O O-O-O 12. Qe3 f6 13. d4 Qf5 14. d5
exd5 15. Rxd5 Qe6 16. Qd2 Qe4 17. Nd4 Bd6 18. Rxd6 cxd6 19. Nb5 Bf5 20. Re1 Qg4
21. Bd5 Qb4 22. Nxa7+ Kc7 23. c3 Qa5 24. Nxc6 bxc6 25. Be4 Rhe8 26. b4 Qe5 27.
c4 Qe6 28. Bxf5 Qxe1+ 29. Qxe1 Rxe1+ 30. Kd2 Rde8 31. Bd4 R8e2+ 32. Kd3 Rxa2
33. Bxh7 Ra3+ 34. Kd2 Rh1 0-1

[Event "4.Nord-West-Cup"]
[Site "?"]
[Date "2002.??.??"]
[Round "2"]
[White "Kohlmann, Arndt"]
[Black "Schuette, Marc"]
[Result "0-1"]
[WhiteElo "1178"]
[BlackElo "2210"]
[PlyCount "40"]

1. e4 e6 2. d4 d5 3. e5 c5 4. c3 Nc6 5. Nf3 Bd7 6. Bd3 Qb6 7. Bc2 f6 8. O-O
fxe5 9. Nxe5 Nxe5 10. dxe5 g6 11. Ba4 O-O-O 12. Bb3 Bg7 13. f4 c4+ 14. Kh1 cxb3
15. axb3 Ne7 16. Rf3 d4 17. cxd4 Bc6 18. Rd3 Be4 19. Rc3+ Kb8 20. Be3 Nd5 0-1

[Event "4.Nord-West-Cup"]
[Site "?"]
[Date "2002.??.??"]
[Round "2"]
[White "Zschischang, Gunnar"]
[Black "Hedke, Manfred"]
[Result "1-0"]
[WhiteElo "2208"]
[BlackElo "1800"]
[PlyCount "45"]

1. Nc3 d5 2. e4 dxe4 3. Nxe4 e6 4. d4 Nf6 5. Nxf6+ Qxf6 6. Nf3 h6 7. Be3 Bd6 8.
Qd2 Nd7 9. O-O-O Nb6 10. c4 Be7 11. Bd3 a5 12. a3 Bd7 13. Ne5 Ba4 14. Rde1 Bd8
15. f4 O-O 16. g4 Qe7 17. g5 hxg5 18. fxg5 Nd7 19. Ng4 c5 20. d5 Bc7 21. Qg2
exd5 22. Nh6+ Kh8 23. Qh3 1-0

[Event "4.Nord-West-Cup"]
[Site "?"]
[Date "2002.??.??"]
[Round "2"]
[White "Issing, Peter"]
[Black "Korba, Roman"]
[Result "0-1"]
[WhiteElo "2253"]
[BlackElo "2061"]
[PlyCount "96"]

1. d4 Nf6 2. c4 e6 3. Nc3 Bb4 4. Nf3 d6 5. Qb3 a5 6. a3 Bxc3+ 7. Qxc3 b6 8. b3
Bb7 9. g3 Nbd7 10. Bg2 O-O 11. Bb2 Qe7 12. O-O Ne4 13. Qc2 f5 14. Rad1 Rae8 15.
Ne1 c5 16. e3 cxd4 17. exd4 Rc8 18. Qd3 d5 19. cxd5 Bxd5 20. Nc2 a4 21. Nb4
Bxb3 22. Rc1 Ndf6 23. Rfe1 Qd7 24. f3 Nd6 25. d5 Nxd5 26. f4 Nxb4 27. axb4 Rfd8
28. Rxc8 Nxc8 29. Qc3 Na7 30. h4 Rc8 31. Qe5 Rc7 32. h5 h6 33. Re2 Nc6 34. Qe3
Nxb4 35. Qxb6 Rc2 36. Rxc2 Nxc2 37. Qb8+ Kh7 38. Qf8 Ne3 39. Bf3 Nc4 40. Bc3
Ne3 41. Bb2 Nd5 42. Ba3 Nf6 43. Be7 Qe8 44. Qxe8 Nxe8 45. Kf2 Nc7 46. Ke1 Nb5
47. Kd2 a3 48. Kc1 Nd4 0-1

[Event "4.Nord-West-Cup"]
[Site "?"]
[Date "2002.??.??"]
[Round "2"]
[White "Leiber, Bernhard"]
[Black "Boos, Hanspeter"]
[Result "1/2-1/2"]
[WhiteElo "2204"]
[BlackElo "1585"]
[PlyCount "97"]

1. e4 c5 2. Nf3 Nc6 3. d4 cxd4 4. Nxd4 g6 5. c4 Bg7 6. Be3 Nf6 7. Nc3 Ng4 8.
Qxg4 Nxd4 9. Qd1 Ne6 10. Qd2 O-O 11. Be2 d6 12. O-O Re8 13. Rad1 b6 14. f4 Bb7
15. Bf3 Qc7 16. f5 Nc5 17. Nd5 Bxd5 18. cxd5 Nd7 19. Rc1 Qb7 20. Be2 Rec8 21.
Bb5 Ne5 22. fxg6 hxg6 23. Bc6 Nxc6 24. dxc6 Qa6 25. Qd5 Rf8 26. c7 Rac8 27. Rc2
Qa4 28. b3 e6 29. bxa4 exd5 30. exd5 Rfe8 31. Bf2 Re7 32. Rc6 Bh6 33. Rxd6
Rexc7 34. g4 Bf4 35. Rf6 Be5 36. Rf3 f6 37. Rd3 Rc4 38. h3 Rxa4 39. d6 Rxa2 40.
d7 Rd8 41. Re1 Kf7 42. Rxe5 Rxf2 43. Re8 Rxd7 44. Rxd7+ Kxe8 45. Rxa7 Rd2 46.
Rb7 Rd6 47. Kg2 g5 48. Kf3 Rd3+ 49. Ke4 1/2-1/2

[Event "4.Nord-West-Cup"]
[Site "?"]
[Date "2002.??.??"]
[Round "2"]
[White "Langer, Wolfgang"]
[Black "Perman, Torvald"]
[Result "1/2-1/2"]
[WhiteElo "2081"]
[BlackElo "2099"]
[PlyCount "23"]

1. Nf3 c5 2. g3 g6 3. Bg2 Bg7 4. O-O Nc6 5. c4 e6 6. e4 Nge7 7. Nc3 O-O 8. d3
d5 9. Rb1 b6 10. Ne2 Bb7 11. a3 Qd7 12. Be3 1/2-1/2

[Event "4.Nord-West-Cup"]
[Site "?"]
[Date "2002.??.??"]
[Round "2"]
[White "van der Veen, Anne"]
[Black "Zotin, Vladimir"]
[Result "0-1"]
[WhiteElo "1600"]
[BlackElo "1797"]
[PlyCount "64"]

1. e4 g6 2. d4 Bg7 3. c4 c5 4. Ne2 b5 5. Nbc3 bxc4 6. d5 d6 7. Qa4+ Nd7 8. Nf4
Ngf6 9. Ne6 fxe6 10. dxe6 O-O 11. exd7 Bxd7 12. Qxc4+ Kh8 13. Be2 Bc6 14. O-O
Nd7 15. Nd5 Nb6 16. Qd3 Qd7 17. Rb1 Qb7 18. Nc3 d5 19. exd5 Nxd5 20. Nxd5 Bxd5
21. Qg3 Bxa2 22. Ra1 Bd5 23. Rd1 Bd4 24. Rxd4 cxd4 25. Qe5+ Rf6 26. Ra6 Kg8 27.
Rxf6 exf6 28. Qxf6 Re8 29. Bh6 Qf7 30. Qxf7+ Kxf7 31. Bf1 Re1 32. Bd2 Rd1 0-1

[Event "4.Nord-West-Cup"]
[Site "?"]
[Date "2002.??.??"]
[Round "2"]
[White "Meijer, Johannes"]
[Black "Belilowski, Alexander"]
[Result "1-0"]
[WhiteElo "1385"]
[BlackElo "1750"]
[PlyCount "59"]

1. d4 d5 2. Nf3 Nf6 3. c4 dxc4 4. Nc3 e6 5. e3 Bd6 6. Bxc4 O-O 7. O-O a6 8. a3
b5 9. Bd3 Bb7 10. Qc2 Bxf3 11. gxf3 g6 12. e4 Nh5 13. e5 Be7 14. Be4 c6 15. Bh6
Ng7 16. f4 Qxd4 17. Rad1 Qb6 18. Rd3 Rd8 19. h4 Nd7 20. Rg3 Nc5 21. Qe2 Rd4 22.
h5 Nf5 23. hxg6 Nxg3 24. gxh7+ Kh8 25. Qg4 Nh5 26. Qxh5 Bf8 27. Kh2 Nxe4 28.
Rg1 Nf6 29. exf6 Rd5 30. Bg7+ 1-0

[Event "4.Nord-West-Cup"]
[Site "?"]
[Date "2002.??.??"]
[Round "2"]
[White "Teixeira, Jose"]
[Black "Krause, Klaus"]
[Result "1-0"]
[WhiteElo "1751"]
[BlackElo "2029"]
[PlyCount "21"]

1. e4 e6 2. d4 d5 3. e5 c5 4. c3 Nc6 5. Nf3 Bd7 6. Be2 f6 7. O-O Qc7 8. Re1
fxe5 9. dxe5 Nxe5 10. Nxe5 Qxe5 11. Bh5+ 1-0

[Event "4.Nord-West-Cup"]
[Site "?"]
[Date "2002.??.??"]
[Round "2"]
[White "Nolte, Wilhelm"]
[Black "Jans, Michael"]
[Result "0-1"]
[WhiteElo "1692"]
[BlackElo "2028"]
[PlyCount "66"]

1. e4 Nc6 2. Nf3 d5 3. exd5 Qxd5 4. Nc3 Qa5 5. d4 Bg4 6. Be2 O-O-O 7. Be3 Nf6
8. O-O e5 9. d5 Nxd5 10. Nxd5 Rxd5 11. Nd2 Bxe2 12. Qxe2 f5 13. Nb3 Qb4 14. f3
Be7 15. c3 Qh4 16. Bf2 Qf6 17. Rad1 Rhd8 18. Rxd5 Rxd5 19. Rd1 Rxd1+ 20. Qxd1
Qd6 21. Qc2 g6 22. Nd2 Qd5 23. c4 Qd7 24. a3 Nd4 25. Qd1 c5 26. Qe1 Bf6 27. Nf1
Qe6 28. Ne3 e4 29. Nd5 Bd8 30. b4 Qa6 31. fxe4 Qxc4 32. Bxd4 Qxd4+ 33. Kh1 fxe4
0-1

[Event "4.Nord-West-Cup"]
[Site "?"]
[Date "2002.??.??"]
[Round "2"]
[White "Lorenzen, Bjoern"]
[Black "Lukossek, Thomas"]
[Result "1-0"]
[WhiteElo "1983"]
[BlackElo "1732"]
[PlyCount "80"]

1. d4 d5 2. Nf3 Nf6 3. Bg5 e6 4. e3 Be7 5. Nbd2 b6 6. Bd3 Bb7 7. Ne5 O-O 8. f4
c5 9. c3 Nbd7 10. O-O Ne4 11. Bxe7 Qxe7 12. Ndf3 f6 13. Nxd7 Qxd7 14. dxc5 Nxc5
15. Bc2 Ba6 16. Re1 Qe7 17. f5 Rfd8 18. Nd4 Rac8 19. fxe6 Nxe6 20. Bf5 Nxd4 21.
exd4 Qd6 22. Bxc8 Bxc8 23. Qa4 Kf7 24. Qxa7+ Rd7 25. Qa4 Qf4 26. Qc2 Rd8 27.
Qe2 Kg6 28. Rf1 Qd6 29. Rae1 Bf5 30. Qe7 Qb8 31. Rf3 Rg8 32. Rg3+ Kh6 33. Qe3+
g5 34. Qf2 Kg6 35. Rf3 Be4 36. Rxf6+ Kh5 37. Qe2+ g4 38. Qe3 Rg5 39. Qg3 Qd8
40. Qd6 Qf8 1-0

[Event "4.Nord-West-Cup"]
[Site "?"]
[Date "2002.??.??"]
[Round "2"]
[White "Eden, Wilke"]
[Black "Wichelmann, Martin"]
[Result "1/2-1/2"]
[WhiteElo "1673"]
[BlackElo "1975"]
[PlyCount "78"]

1. e4 c5 2. Nf3 Nc6 3. d4 cxd4 4. Nxd4 Nf6 5. Nc3 e5 6. Ndb5 d6 7. Bg5 a6 8.
Na3 b5 9. Nd5 Be7 10. Nxe7 Nxe7 11. Bxf6 gxf6 12. Qf3 f5 13. exf5 Bxf5 14. Bd3
Bxd3 15. Qxd3 d5 16. c3 Qb6 17. Nc2 O-O 18. Ne3 Qg6 19. Qxg6+ hxg6 20. O-O-O
Rad8 21. Ng4 f6 22. Rhe1 Rd6 23. f4 e4 24. Rxe4 Nc6 25. Re3 d4 26. Red3 Rfd8
27. Ne3 b4 28. Nc2 bxc3 29. bxc3 Rc8 30. a3 Na5 31. Nxd4 Rb6 32. Nf3 Rb3 33.
Rd8+ Rxd8 34. Rxd8+ Kf7 35. Rc8 Rxa3 36. Kb2 Rb3+ 37. Kc2 Ra3 38. Kb2 Rb3+ 39.
Kc2 Ra3 1/2-1/2

[Event "4.Nord-West-Cup"]
[Site "?"]
[Date "2002.??.??"]
[Round "2"]
[White "Schwarze, Hugo"]
[Black "Carstens, Manfred"]
[Result "1-0"]
[WhiteElo "1946"]
[BlackElo "1689"]
[PlyCount "89"]

1. e4 e5 2. Nf3 Nc6 3. d4 exd4 4. Bc4 Nf6 5. e5 d5 6. Bb5 Ne4 7. Nxd4 Bd7 8.
Bxc6 bxc6 9. O-O Bc5 10. Nb3 Bb6 11. a4 a6 12. a5 Ba7 13. Qe2 c5 14. N1d2 Nxd2
15. Nxd2 c4 16. Kh1 Bc5 17. f4 Qh4 18. Nf3 Qh5 19. Be3 Be7 20. Qd2 c6 21. c3 h6
22. Nd4 c5 23. Ne2 Bc6 24. Ng3 Qg4 25. Qf2 d4 26. cxd4 h5 27. Qe2 Qe6 28. f5
Qd5 29. Qf3 Qd7 30. Ne4 Qb7 31. f6 gxf6 32. Qxf6 O-O-O 33. Qf5+ Kb8 34. Rf4
cxd4 35. Bf2 Bd5 36. Nd6 Bxd6 37. exd6 Bxg2+ 38. Kg1 Rhg8 39. Bg3 h4 40. Rxh4
Bh1 41. Qf2 Ka8 42. Rxd4 Rg5 43. Rc1 Rdg8 44. Rdxc4 Rf5 45. Rc7 1-0

[Event "4.Nord-West-Cup"]
[Site "?"]
[Date "2002.??.??"]
[Round "2"]
[White "Segelken, Peter"]
[Black "Walter, Stefan"]
[Result "0-1"]
[WhiteElo "1656"]
[BlackElo "1943"]
[PlyCount "66"]

1. e4 e5 2. Bc4 Nf6 3. Nc3 Nxe4 4. Qh5 Nd6 5. Qxe5+ Qe7 6. Qxe7+ Bxe7 7. Bb3
O-O 8. Nf3 c6 9. O-O Nf5 10. Re1 d5 11. g4 Nh4 12. Nxh4 Bxh4 13. h3 h5 14. gxh5
Bxh3 15. d4 Nd7 16. Bf4 Rfe8 17. Re3 Rxe3 18. Bxe3 Nf6 19. h6 gxh6 20. Kh2 Bf5
21. Ne2 Re8 22. Rg1+ Kh7 23. Ng3 Bc8 24. c4 Ng4+ 25. Kg2 Nxe3+ 26. fxe3 Rxe3
27. Nh5 Bg4 28. Nf4 Rg3+ 29. Kh2 Rxg1 30. Kxg1 dxc4 31. Bxc4 Bf6 32. Bxf7 Bxd4+
33. Kg2 Bxb2 0-1

[Event "4.Nord-West-Cup"]
[Site "?"]
[Date "2002.??.??"]
[Round "2"]
[White "Wichmann, Ralph"]
[Black "Zell, Stefan"]
[Result "1-0"]
[WhiteElo "1914"]
[BlackElo "1678"]
[PlyCount "43"]

1. e4 c5 2. Nf3 e6 3. b3 Nc6 4. Nc3 a6 5. g3 Qc7 6. Bg2 Nf6 7. O-O Be7 8. Bb2
b6 9. d3 Bb7 10. Qd2 h6 11. Rfe1 d6 12. Rad1 O-O 13. Ne2 e5 14. Nh4 Bc8 15. Nf5
Bxf5 16. exf5 d5 17. f4 Bd6 18. fxe5 Nxe5 19. Nf4 d4 20. Bxa8 Rxa8 21. Qg2 Rd8
22. Bc1 1-0

[Event "4.Nord-West-Cup"]
[Site "?"]
[Date "2002.??.??"]
[Round "2"]
[White "Niemann, Heinrich"]
[Black "Woeltge, Carsten"]
[Result "1/2-1/2"]
[WhiteElo "1590"]
[BlackElo "1899"]
[PlyCount "88"]

1. e4 e6 2. d4 d5 3. Nc3 Nf6 4. e5 Nfd7 5. Nf3 c5 6. Bb5 a6 7. Bxd7+ Bxd7 8.
O-O Nc6 9. Ne2 cxd4 10. Nexd4 Be7 11. c3 O-O 12. Bf4 b5 13. Nxc6 Bxc6 14. Nd4
Bd7 15. Qg4 Kh8 16. Rfe1 g5 17. Bd2 Rg8 18. Re3 Rg6 19. Rae1 Kg7 20. Rh3 a5 21.
a3 Rc8 22. Qh5 h6 23. f4 gxf4 24. Bxf4 Bg5 25. Rf3 Qe7 26. Ref1 Rf8 27. R3f2
Be8 28. Qe2 Qc5 29. Kh1 b4 30. Be3 Qc4 31. Qxc4 dxc4 32. Bxg5 hxg5 33. axb4
axb4 34. cxb4 g4 35. g3 Rh8 36. Rc1 Rh5 37. Rxc4 Rxe5 38. Rc8 Bd7 39. Rc7 Rd5
40. Nc6 Rd1+ 41. Kg2 Rg5 42. Nb8 Rgd5 43. Rxd7 Rxd7 44. Nxd7 Rxd7 1/2-1/2

[Event "4.Nord-West-Cup"]
[Site "?"]
[Date "2002.??.??"]
[Round "2"]
[White "Wetjen, Siegfried"]
[Black "Korsus, Stephanie"]
[Result "1-0"]
[WhiteElo "1894"]
[BlackElo "1660"]
[PlyCount "99"]

1. g3 c6 2. d3 d5 3. Bg2 Nf6 4. Nd2 g6 5. e4 dxe4 6. dxe4 Bg7 7. c3 Nbd7 8. Ne2
Ne5 9. O-O O-O 10. Qc2 Qb6 11. Nb3 Bg4 12. Be3 Qc7 13. h3 Be6 14. f4 Nc4 15.
Bf2 Qc8 16. Kh2 Bd7 17. Rad1 e5 18. Nc5 exf4 19. gxf4 Nb6 20. b3 Nh5 21. a4 Be6
22. Rd2 Bh6 23. Bh4 Nd7 24. Nd3 Qc7 25. Kh1 Qb6 26. c4 Ndf6 27. Rfd1 Qc7 28. e5
Nd7 29. Be7 Rfe8 30. Bd6 Qd8 31. Rf1 Bf5 32. Nd4 Ng3+ 33. Kg1 Nxf1 34. Nxf5
Nxd2 35. Nxh6+ Kg7 36. Ng4 Qb6+ 37. c5 Qxb3 38. Qxd2 Qxa4 39. Qb2 Re6 40. Qxb7
Rxd6 41. cxd6 Rb8 42. Qxd7 Qd1+ 43. Kh2 Qxd3 44. Qxc6 Rb3 45. Qc1 a5 46. Qf1 a4
47. Qa1 Kf8 48. e6 Qg3+ 49. Kh1 Rb2 50. e7+ 1-0

[Event "4.Nord-West-Cup"]
[Site "?"]
[Date "2002.??.??"]
[Round "2"]
[White "Ungar, Benedict"]
[Black "Kerski, Bjoern-Ole"]
[Result "0-1"]
[WhiteElo "1576"]
[BlackElo "1885"]
[PlyCount "80"]

1. Nf3 Nf6 2. c4 g6 3. b3 Bg7 4. Bb2 O-O 5. g3 d6 6. Bg2 e5 7. d3 Nc6 8. O-O
Bd7 9. Nc3 Ne8 10. e3 f5 11. Qe2 Nf6 12. d4 e4 13. Ne1 Qe7 14. Nc2 Rae8 15. a3
Qf7 16. b4 Ne7 17. Rfd1 a6 18. a4 g5 19. f4 g4 20. c5 h5 21. Bf1 h4 22. b5 a5
23. cxd6 cxd6 24. b6 Qh5 25. Rd2 Kf7 26. Na3 Rh8 27. gxh4 Ng6 28. Nab5 Bxb5 29.
Nxb5 Rd8 30. Qc4+ d5 31. Qc7+ Rd7 32. Nd6+ Ke6 33. Ba3 Rxc7 34. bxc7 Nxh4 35.
Rb2 Nf3+ 36. Kf2 Qxh2+ 37. Bg2 g3+ 38. Kf1 Qg1+ 39. Ke2 Qxg2+ 40. Kd1 Qf1+ 0-1